| 000 | 00568nam a2200217Ia 4500 | ||
|---|---|---|---|
| 003 | OSt | ||
| 005 | 20220926045316.0 | ||
| 006 | a|||||r|||| 00| 0 | ||
| 007 | ta | ||
| 008 | 220923b |||||||| |||| 00| 0 eng d | ||
| 037 | _cGeneral Book | ||
| 040 |
_aRTL _cRTL _beng |
||
| 041 |
_2eng _aeng |
||
| 082 | _aV2.N0, E8 | ||
| 100 |
_aAga Khan Au. _9350049 |
||
| 245 | 0 |
_aIndia in transition _b A study in political evoluti |
|
| 260 | _c1918 | ||
| 650 | _aIndian Histroy | ||
| 942 |
_hV2.N0, E8 _cGB _2CC |
||
| 999 |
_c677243 _d677243 |
||